Về những lễ thức đầu năm của người Chăm ở Bỉnh Nghĩa (Ninh Thuận) /
Guardat en:
| Autor principal: | |
|---|---|
| Format: | Article |
| Idioma: | Vietnamese |
| Matèries: | |
| Etiquetes: |
Afegir etiqueta
Sense etiquetes, Sigues el primer a etiquetar aquest registre!
|
| Thư viện lưu trữ: | Thư viện Trường Đại học Đà Lạt |
|---|
| LEADER | 00750nam a2200253 4500 | ||
|---|---|---|---|
| 001 | DLU160175366 | ||
| 040 | # | # | |a DLU |b vie |
| 041 | # | # | |a vie |
| 044 | # | # | |a vn |
| 100 | # | # | |a Ngô Văn Doanh. |
| 245 | # | # | |a Về những lễ thức đầu năm của người Chăm ở Bỉnh Nghĩa (Ninh Thuận) / |c Ngô Văn Doanh |
| 653 | # | # | |a Lễ hội |
| 653 | # | # | |a Người Chăm |
| 653 | # | # | |a Ninh Thuận |
| 773 | # | # | |t Nghiên cứu Đông Nam Á |g Số 3, 2003, tr. 63-69 |
| 920 | # | # | |a Phòng Tạp chí -- Trung tâm Thông tin - Thư viện Trường Đại học Đà Lạt |
| 994 | # | # | |a DLU |
| 900 | # | # | |a True |
| 911 | # | # | |a Nguyễn Thị Tưởng |
| 925 | # | # | |a G |
| 926 | # | # | |a A |
| 927 | # | # | |a BB |
| 980 | # | # | |a Thư viện Trường Đại học Đà Lạt |